| 000 | 00686nam a2200205 ar4500 | ||
|---|---|---|---|
| 001 | 3006 | ||
| 005 | 20221127090646.0 | ||
| 008 | 121218s xxk 0001f|eng d | ||
| 020 |
_a9780099513124(pbk) : _cSR00.00 |
||
| 082 | 0 | 4 |
_a839.693 _bIn2 2006 |
| 100 | 1 | _aIndridason, Arnaldur. | |
| 245 | 1 | 0 |
_aTainted blood / _cA. Indridason ; translated from the Icelandic by Bernard Scudder. |
| 260 |
_aLondon : _bVintage, _c2006. |
||
| 300 |
_a338 p. ; _c18 cm. |
||
| 650 | 4 |
_aIcelandic fiction _xTranslations into English. |
|
| 650 | 4 |
_aIcelandic literature _y20th century. |
|
| 650 | 4 | _aDetective and mystery stories. | |
| 650 | 4 |
_aMurder _zIceland _vFiction. |
|
| 700 | 0 |
_aScudder, Bernard, _etr. |
|
| 999 |
_c3004 _d3004 |
||